| 000 | 01003nam a22002897a 4500 | ||
|---|---|---|---|
| 001 | BR8402663 | ||
| 003 | BR-BrBNA | ||
| 005 | 20230928091926.0 | ||
| 007 | ta | ||
| 008 | 230509b bl.||||| |||| 00| 0 por d | ||
| 040 |
_aBR-BrBNA _bpor _cBiblioteca Nacional de Agricultura |
||
| 041 | _a(Por) | ||
| 072 |
_aD50; E10 _b/G514 |
||
| 090 | _ D50 BR8402663 | ||
| 110 | 1 |
_aFundacao Centro Estadual de Planejamento Agricola, Salvador, BA (Brasil) _94810 |
|
| 245 | 1 | _aNordeste do Brasil. Projeto para desenvolvimento rural da Bahia. Paraguacu. Pesquisa no. 4. Servico de titulagem de terra | |
| 260 | 3 |
_aSalvador, BA (Brasil): _c1984. |
|
| 300 | _a30 p. | ||
| 500 | _a6 tables. (*) Documento disponível na(o) Fundacao Centro Estadual de Planejamento Agricola, Salvador, BA (Brazil) | ||
| 650 | _aPROJETO DE DESENVOLVIMENTO | ||
| 650 | _aPOSSE DE TERRA | ||
| 650 | _aLEGISLACAO AGRARIA | ||
| 650 | _aPOLITICA AGRARIA | ||
| 650 | _aBAHIA | ||
| 909 |
_a202309 _bLucia _c55 _dLucia Elande |
||
| 942 | _cBK | ||
| 999 |
_c36233 _d36233 |
||